Pays selon la température enregistrée la plus élevée - Statistiques

Statistiques générales
  • Ce quiz a été pris 198 fois
  • Le résultat moyen est 15 sur 21
Statistiques - réponses
°C pays % Correct
50,6 Algérie
90%
50,7 Maroc
88%
50,3 Égypte
86%
54,0 Etats-Unis
86%
51,0 Inde
84%
52,0 Arabie Saoudite
83%
52,0 Mexique
82%
53,7 Iran
80%
50,3 Chine
78%
50,2 Libye
78%
50,1 Tunisie
78%
51,5 Émirats arabes unis
75%
53,9 Irak
75%
50,4 Qatar
75%
53,5 Pakistan
69%
50,8 Oman
68%
50,7 Australie
67%
51,2 Israël
61%
54,0 Koweït
60%
51,1 Jordanie
55%
50,1 Turkménistan
25%
Aucun quiz correspondant
Distribution des résultats
% des personnes avec chaque résultat
Percentile par nombre de réponses
Votre historique - résultats
Vous n’avez pas pris ce quiz